La ley y la jurisprudencia vigentes del enjuiciamiento civil o sea El texto de la edición oficial de la Ley de enjuiciamiento civil de 3 de febrero de 1881... reformada por la ley de 11 de mayo actual... y la jurisprudencia civil procesal establecida por las decisiones del Supremo Tribunal de Justicia y del Consejo de Estado en materia de competencias... / (Record no. 163659)

MARC details
000 -LEADER
campo de control de longitud fija 01007nam a2200181 4500
001 - NÚMERO DE CONTROL
campo de control 163659
003 - IDENTIFICADOR DE NÚMERO DE CONTROL
campo de control ES-MaACL
005 - FECHA Y HORA DE LA ÚLTIMA TRANSACCIÓN
campo de control 20230906212802.0
008 - DATOS DE LONGITUD FIJA--INFORMACIÓN GENERAL
campo de control de longitud fija 950308s1888 sp lv |||| | spa d
040 ## - FUENTE DE CATALOGACIÓN
Centro catalogador/agencia de origen EUS
Lengua de catalogación spa
Centro/agencia transcriptor EUS
100 1# - ENTRADA PRINCIPAL--NOMBRE DE PERSONA
Nombre de persona Robles Pozo, José.
9 (RLIN) 131900
245 12 - MENCIÓN DEL TÍTULO
Título La ley y la jurisprudencia vigentes del enjuiciamiento civil o sea El texto de la edición oficial de la Ley de enjuiciamiento civil de 3 de febrero de 1881... reformada por la ley de 11 de mayo actual... y la jurisprudencia civil procesal establecida por las decisiones del Supremo Tribunal de Justicia y del Consejo de Estado en materia de competencias... /
Mención de responsabilidad, etc. por José Robles Pozo.
260 ## - PUBLICACIÓN, DISTRIBUCIÓN, ETC.
Lugar de publicación, distribución, etc. Madrid :
Nombre del editor, distribuidor, etc. [s.n.],
Fecha de publicación, distribución, etc. 1888 (
Fabricante Imprenta de la Revista de Legislación, á cargo de José María Sardá)
300 ## - DESCRIPCIÓN FÍSICA
Extensión 2 v. (XV, 793; 748 p.) ;
Dimensiones 23 cm.
594 ## - Nota al título y mención de responsabilidad
Nota al título y mención de responsabilidad Precede al tít.: Derecho Procesal de España.
650 #4 - PUNTO DE ACCESO ADICIONAL DE MATERIA--TÉRMINO DE MATERIA
Término de materia o nombre geográfico como elemento de entrada Procedimiento civil-
Subdivisión geográfica España-
Subdivisión de forma Legislación.
9 (RLIN) 16422
852 ## - LOCALIZACIÓN
Ubicación ES-MaACL
Número de control de estantería C-3307-08
Nota libre -- Enc. hol.
Holdings
Estatus retirado Estado de pérdida Estado de daño No para préstamo Colección Biblioteca de origen Biblioteca actual Ubicación en estantería Fecha de adquisición Total de préstamos Signatura topográfica completa Código de barras Visto por última vez Precio de reemplazo Tipo de ítem Koha
        Libros del s. XIX Biblioteca del Ateneo de Madrid Biblioteca del Ateneo de Madrid Sala Palomar 17/01/2008   C-3307-08 1171502 23/02/2023 23/02/2023 Libro impreso antiguo